000 00570nam a22001937a 4500
005 20251108174738.0
008 250721s2008 xx 000 0 ara d
082 1 4 _a216.4/قني
100 1 _aقنيبي، " محمد موسى " حماده
_eمؤلف
245 1 0 _aالميراث في الشريعة الإسلامية /
250 _aط.4.
264 1 _aعمان :
_bقنيبي،
_c2008.
300 _a224ص.
650 1 7 _aالفقه الإسلامي
650 1 7 _aالميراث
650 1 7 _aأصحاب الفرائض
942 _2ddc
_cBK
999 _c116928
_d116928